000 00549nam a2200205Ia 4500
003 OSt
005 20231012102624.0
008 151021s9999 xx 000 0 und d
020 _a9780071459327
040 _aMMU
_beng
_cMMU
_dMMU
050 _aQA276.19.S 2006
100 _aLarry j. Stephens
245 _aBeginning Statistics /
_cLarry J. Stephens
250 _a2nd ed.
260 _aIndia :
_bMcGraw-Hill ,
_c2007.
300 _axiii,413p. ;
_bill.
500 _aInclude Index
650 _a_Statistics
_9460
942 _2lcc
_cLOAN LOAN
_e2nd.
999 _c6063
_d6063